La senda de los roles: concepto y procedimiento para estudiar la migración hacia las comunidades urbanas /

Gorde:
Xehetasun bibliografikoak
Egile nagusia: Hanson, Robert C.
Beste egile batzuk: Simmons, Ozzie G.
Formatua: Texto
Etiketak: Etiketa erantsi
Etiketarik gabe, Izan zaitez lehena erregistro honi etiketa jartzen!

MARC

LEADER 00000 a a2200000 04500
001 43561
003
040
100 |a Hanson, Robert C.  
245 |a La senda de los roles:   |b concepto y procedimiento para estudiar la migración hacia las comunidades urbanas /  |c Robert C. Hanson y Ozzie G. Simmons  
700 |a Simmons, Ozzie G.  
773 |g páginas 129-143  
999 |c 31815  |d 31815